• 首页
  • 本馆介绍
  • 公告通知
  • 最新文献
  • 馆藏检索
  • 电子资源
  • 读者导购
  • 参考咨询
  • 我的图书馆
  • 登录
  • 详细信息显示
  • 放入我的书架
  • 预约/预借图书
  • 作者相关作品
  • 分类相关作品
  • 丛书相关作品
  • 出版社相关作品

书目信息

  • 表格格式
  • 工作单格式
  • 卡片格式
题名:
国民教育经济学
    
 
作者: 科斯坦扬 , Костанян 编 ;孙夏南 译
分册:  
出版信息: 长春   吉林人民出版社  1981
页数: 272页
开本: 19cm
丛书名:
单 册:
中图分类: G40-054 , F11
科图分类:
主题词: 国民教育-教育经济学 , 教育经济学-国民教育 , 经济--世界 , 国际经济关系
电子资源:
ISBN:
000 01005nam0 2200313 450
001 1569718760
005 20150121192230.01
010    @dCNY0.66
091    @a4091.158
100    @a19950623d1981 em y0chiy0110 ea
101 1  @achi@crus
102    @aCN@b220000
105    @ay z 000yy
200 1  @a国民教育经济学@9guo min jiao yu jing ji xue@f(苏)科斯坦扬(С.Л.Костанян)主编@g孙夏南等译
210    @a长春@c吉林人民出版社@d1981
215    @a272页@d19cm
300    @a书名原文:Экономика народного образования
510 1  @aЭкономика народного образования@zrus
606 0  @a国民教育-教育经济学
606 0  @a教育经济学-国民教育
606 0  @a经济@x世界
606 0  @a国际经济关系
690    @aG40-054@v5
690    @aF11@v4
701  1 @a科斯坦扬@9ke si tan yang@bС.Л.@f苏@4编
701  1 @aКостанян@bС.Л.@4主编
702  0 @a孙夏南@9sun xia nan@4译
801  0 @aCN@bTSSF@c20150121
905    @aZUCC@dF11@eJY19
    
    国民教育经济学/(苏)科斯坦扬(С.Л.Костанян)主编/孙夏南等译.-长春:吉林人民出版社,1981
    272页;19cm
    书名原文:Экономика народного образования
    
    ISBN :CNY0.66
    
●
相关链接 在E读中查询图书 在五车中查询图书 在当当中查询图书 在豆瓣中查询图书


正题名:国民教育经济学     索取号:F11/JY19         预约/预借

序号 登录号 条形码 馆藏地/架位号 状态 备注
1 7840733   278407332   学院路分馆/ [索取号:F11/JY19] 在馆    
唐山师范学院图书馆 欢迎您!
大连网信软件有限公司© 版权所有